1479 1436 1131 1334 1629 1219 1392 1418 1062 1081 1941 1795 1460 1139 1002 1293 1148 1194 1887 1987 1865 1241 1268 1446 1342 1441 1427 1262 1288 1775 1686 1773 1797 1113 1495 1200 1305 1617 1101 1904 1590 1726 1581 1906 1389 1161 1748 1910 1902 1229 1123 1757 1871 1002 1437 1415 1251 1044 1129 1702 1630 1593 1798 1923 1525 1096 1581 1077 1227 1423 1986 1691 1980 1069 1686 1627 1636 1694 1721 1132 1769 1895 1081 1801 1050 1973 1062 1273 1399 1150 1115 1400 1997 1183 1711 1965 1545 1828 1831 BCNSPRNW ULIB Ver.6.0+V

เปลี่ยนเป็นภาษาไทย

Change to English
 แสดงรายละเอียดบรรณานุกรม
  กลับหน้าหลัก

Brief Record : Get Marc (ISO 2709) : E-mail record : QR code < ปิดหน้าต่าง
LEADER : 00000nam 2200000uu 4500
001    13399110456
003     ULIB
008    110601s2548||||th 000 0 tha d
020    9749773055
060 04 WO100^bศ484 2548
245 00 ศัลยศาสตร์ทั่วไป :^bหน่วยศัลยศาสตร์ทั่วไปสาย B /^cบรรณาธิการ, สิโรจน์ กาญจนปัญจพล, จักรพันธ์ เอื้อนรเศรษฐ,จุมพล วิลาศรัศมี
250    พิมพ์ครั้งที่ 1
260    กรุงเทพฯ :^bภาควิชาศัลยศาสตร์คณะแพทยศาสตร์โรงพยาบาลรามาธิบดี มหาวิทยาลัยมหิดล,^c2548
300    ก-ฌ, 590 หน้า :^bภาพประกอบ ;^c30 ซม.
650  7 ศัลยศาสตร์
700 0  จุมพล วิลาศรัศมี,^eบรรณาธิการ
700 0  จักรพันธ์ เอื้อนรเศรษฐ,^cบรรณาธิการ
700 0  สิโรจน์ กาญจนปัญจพล,^eบรรณาธิการ
710 2  มหาวิทยาลัยมหิดล. ^bคณะแพทยศาสตร์โรงพยาบาลรามาธิบดี.^bภาควิชาศัลยศาสตร์
945    ^p600^l0^i017307
995    ทศพร
999 ^a ใช้งานได้ทุกระบบ
รายการนี้ยังไม่มีแท็ก
คุณยังไม่ได้ล็อกอิน คุณสามารถมีกิจกรรมร่วมกับเว็บไซต์ได้ แต่ต้องล็อกอินก่อน ::
  ล็อกอิน

รายการสื่อสารสนเทศ

ลำดับที่ ประเภท เลขเรียก/บาร์โค้ด สถานที่ สถานะ
1. วิทยาศาสตร์การแพทย์ และสุขภาพ
วิทยาศาสตร์การแพทย์ และสุขภาพ
สถานะ=หนังสือเก่า
WO100 ศ484 2548 ฉ.1 
  Barcode: 017307
ห้องสมุดวิทยาเขตสวรรค์ประชารักษ์
►ส่วนจัดเก็บหนังสือเก่า สปร
บนชั้น
  ขอยืม

รายการใกล้เคียง
    หัวเรื่อง [ศัลยศาสตร์]

BibComment


ยังไม่เคยถูกคอมเมนท์

คอมเมนท์ทรัพยากรรายการนี้
  คอมเมนท์: ศัลยศาสตร์ทั่วไป ..


 Copyright 2026. Bcnsprnw @Library